00985nam a2200241Ia 4500001000600000003000900006008004100015040001300056040001300069041001300082100002100095100002900116245005800145245003200203250001100235260002100246260001100267260004900278300005900327500029000386650003600676650003100712 5305IT-RoPAU130308s9999 xx 000 0 und d aIT-RoPAU cIT-RoPAU aSPAGNOLO aAltabella José gCodice Aut. SPICS: 9962 aQuince etapas estelares de la historia del periodismo bEnciclopedia del Periodismo a4a ed. aBARCELONA/MADRID bNoguer c1966 [1° Ed.:1953 - Ed.Ling.Originale:1953] a"32 p. (prefazione: no ; testo: 32 [pagine: 677-708])" aCinque tappe nella Storia del Giornalismo notizia Orale o Manoscritta Gutenberg e la Preistoria del Giornalismo Gazzetta di Renaudot Daily Courant Primo quotidiano del Mondo The Times Rotativa Marinoni Pubblicità Agenzie di Stampa Popolarità del Sensazionalismo Trusts della Stampa aENCICLOPEDIE DI STAMPA DI MASSA eCodice materia Spics: 6651